LEADER 01765nam 2200481 450 001 9910703878403321 005 20150806144044.0 035 $a(CKB)5470000002434945 035 $a(OCoLC)915978126 035 $a(EXLCZ)995470000002434945 100 $a20150806j201505 ua 0 101 0 $aeng 135 $aurcn||||||||| 181 $ctxt$2rdacontent 182 $cc$2rdamedia 183 $acr$2rdacarrier 200 10$aPayload performance analysis for a reusable two-stage-to-orbit vehicle /$fPaul V. Tartabini [and three others] 210 1$aHampton, Virginia :$cNational Aeronautics and Space Administration, Langley Research Center,$dMay 2015. 215 $a1 online resource (iv, 30 pages) $ccolor illustrations 225 1 $aNASA/TM ;$v2015-218760 300 $aTitle from title screen (viewed Aug. 6, 2015). 300 $a"May 2015." 320 $aIncludes bibliographical references (page 29). 517 3 $aPayload performance analysis for a reusable two stage to orbit vehicle 606 $aReusable launch vehicles$2nasat 606 $aMultistage rocket vehicles$2nasat 606 $aSoft landing$2nasat 606 $aReentry effects$2nasat 606 $aSpacecraft modules$2nasat 615 7$aReusable launch vehicles. 615 7$aMultistage rocket vehicles. 615 7$aSoft landing. 615 7$aReentry effects. 615 7$aSpacecraft modules. 700 $aTartabini$b Paul V.$01423099 712 02$aLangley Research Center, 712 02$aUnited States.$bNational Aeronautics and Space Administration, 801 0$bGPO 801 1$bGPO 906 $aBOOK 912 $a9910703878403321 996 $aPayload performance analysis for a reusable two-stage-to-orbit vehicle$93549455 997 $aUNINA LEADER 03714nam 22006734a 450 001 9910783231603321 005 20230706213901.0 010 $a1-78170-038-9 010 $a1-280-73434-5 010 $a9786610734344 010 $a1-84779-072-0 010 $a1-4237-0644-7 035 $a(CKB)1000000000030936 035 $a(EBL)589330 035 $a(OCoLC)191926030 035 $a(SSID)ssj0000262926 035 $a(PQKBManifestationID)11217382 035 $a(PQKBTitleCode)TC0000262926 035 $a(PQKBWorkID)10273398 035 $a(PQKB)11170815 035 $a(StDuBDS)EDZ0000086849 035 $a(MiAaPQ)EBC589330 035 $a(Au-PeEL)EBL589330 035 $a(CaPaEBR)ebr10082107 035 $a(CaONFJC)MIL73434 035 $a(EXLCZ)991000000000030936 100 $a20030617d2003 uy 0 101 0 $aeng 135 $aurbn#---||u|| 181 $ctxt$2rdacontent 182 $cc$2rdamedia 183 $acr$2rdacarrier 200 10$aTurkey--facing a new millennium $ecoping with intertwined conflicts /$fAmikam Nachmani 210 $aManchester, UK ;$aNew York $cManchester University Press $cDistributed exclusively in the USA by Palgrave$d2003 215 $a1 online resource (273 pages) $cdigital, PDF files(s) 225 1 $aEurope in change 311 0 $a0-7190-6371-X 311 0 $a0-7190-6370-1 320 $aIncludes bibliographical references (p. [248]-257) and index. 327 $aTurkey and the Gulf War: coping with intertwined conflicts --The Kurdish problem --On culture, economy, and demography:Turkey and Europe --The quest for identity --International encounters --What the neighbor to the west says: Greek-Turkish relations --A bridge across the Middle East: the Turkish-Israeli rapprochement. 330 $aTurkey's involvement in the Gulf War in 199 paved the way for the country's acceptance into the European Union. This book traces that process and in the first part looks at Turkey's foreign policy in the 1990's, considering the ability of the country to withstand the repercussions of the fall of communism. It focuses on Turkey's achievement in halting and minimizing the effects of the temporary devaluation in its strategic importance that resulted from the waning of the Cold War and the disintegration of the Soviet Union, the skillful way in which Turkey avoided becoming embroiled in the ethnic upheavals in Central Asia, the Balkans and the Middle East, and the development of a continued policy of closer integration into the European and western worlds. Internal politics are the focus of the second part of the book, addressing the curbing of the Kurdish revolt, the economic gains made, and the strengthening of civil society. Nachmani goes on to analyse the prospects for Turkey in the twenty-first century, in the light of the possible integration into Europe, which may leave the country's leadership free to deal effectively with domestic issues. This book will make crucial reading for anyone studying Turkish politics, or indeed European or European Union politics. 410 0$aEurope in change. 606 $aKurds$zTurkey 607 $aTurkey$xForeign relations$zEurope 607 $aEurope$xForeign relations$zTurkey 607 $aTurkey$xForeign relations$zGreece 607 $aGreece$xForeign relations$zTurkey 607 $aTurkey$xForeign relations$zIsrael 607 $aIsrael$xForeign relations$zTurkey 615 0$aKurds 676 $a327.561/009/049 700 $aNachmani$b Amikam$0539740 801 0$bMiAaPQ 801 1$bMiAaPQ 801 2$bMiAaPQ 906 $aBOOK 912 $a9910783231603321 996 $aTurkey--facing a new millennium$92366456 997 $aUNINA